| 000 | 00568nam a22001937a 4500 | ||
|---|---|---|---|
| 003 | URS | ||
| 005 | 20260219113329.0 | ||
| 008 | 260216b |||||||| |||| 00| 0 eng d | ||
| 020 | _a9786214092871 | ||
| 040 | _cURS | ||
| 050 |
_aQC 21.2 _b.G9392 2024 |
||
| 100 | _aGuevarra, Susan C. | ||
| 245 |
_aModern Physics / _cSusan C. Guevarra, DT. |
||
| 260 |
_aMandaluyong City : _bBooks Atbp. Publishing Corp., _c©2024. |
||
| 300 |
_axx, 169 pages : _bIllustrations ; _c23 cm. |
||
| 504 | _aIncludes bibliographical references. | ||
| 650 | _aPhysics | ||
| 942 |
_2lcc _cF |
||
| 999 |
_c89354 _d89351 |
||